| 000 | 03049nam a2200409 a 4500 | ||
|---|---|---|---|
| 001 | 000022377 | ||
| 003 | DO-SdBPM | ||
| 005 | 20250912112925.0 | ||
| 007 | ta | ||
| 008 | 101006s2006 dr c 000 0 spa d | ||
| 020 | _a9945855824 | ||
| 040 |
_aDO-SdBPM _bspa _cBPMSU _drda _erda |
||
| 082 | 4 |
_a972.9305 _bW449v, 2006 _222 |
|
| 100 | 1 |
_aWelles, Benjamin Sumner, _d1892-1961 _eautor |
|
| 240 | 1 | 0 |
_aNaboths Vineyard: the Dominican Republic 1844-1924 _l |
| 245 | 1 | 3 |
_aLa Viña de Naboth : _bLa República Dominicana 1844-1924 / _cSumner Welles, traducción, Manfredo A. Moore ; corrección, ampliación y actualización de la traducción de Ramón Cedano Melo. |
| 250 | _a3a. ed. | ||
| 260 |
_aSanto Domingo : _bBanreservas: _bSociedad Dominicana de Bibliófilos, _c2006. |
||
| 300 |
_a2 volumenes. : _bretrato ; _c23 cm. |
||
| 336 |
_atexto _btxt _2rdacontent |
||
| 337 |
_asin mediación _bn _2rdamedia |
||
| 338 |
_avolumen _bnc _2rdacarrier |
||
| 490 | 0 | _aBibliófilos 2000 | |
| 500 | _aIncluye índice de nombres. | ||
| 504 | _aIncluye referencias bibliográficas y notas al pie de las páginas. | ||
| 505 | 0 | _av.1: Presentación, por Daniel Toribio 13 -- Introducción, por Mariano Mella 15 -- Prólogo, por Octavio Amiama de Castro 17 -- Prólogo, por Dr. L. S. Rowe 29 -- Introducción 31 -- Capítulo I. Los primeros años de Independencia 71 --Capítulo II. Santana y Báez 127 -- Capítulo III. La Ocupación Española 183 -- Capítulo IV. Repercusiones de la insurrección 241 -- Capítulo V. Negociaciones para la anexión a los Estados Unidos 285 -- Capítulo VI. de Báez a Heureaux 321 -- Capítulo VII. La Dictadura de Ulises Heureaux 345 -- Índice de Nombres 383 -- Tomo II. Presentación, por Daniel Toribio 13 -- Introducción, por Mariano Mella 15 -- Capítulo VIII. Dictadura de Ulises Heureaux (continuación) 17 -- Capítulo IX. La Reacción liberal 49 -- Capítulo X. Corolario de Roosevelt a la Doctrina Monroe 89 -- Capítulo XI. Triunfo del gobierno constitucional y retorno a la anarquía 115 -- Capítulo XII. Sombras de intervención sobre Santo Domingo 157 -- Capítulo XIII. Intervención militar de los Estados Unidos 189 -- Capítulo XIV. Gobierno militar de los Estados Unidos en la República Dominicana 227 -- Capítulo XV. Aurora de una nueva era 253 -- Capítulo XVI. Conclusiones 297 -- Apéndices 321 -- Apéndice I 323 -- Apéndice II 379 -- Bibliografía -- Índice de nombres 383. | |
| 534 |
_pTítulo original : _tNaboths Vineyard: the Dominican Republic 1844-1924 |
||
| 590 | _aInventariado, 2025/VM | ||
| 651 | 7 |
_aRepública Dominicana _xHistoria _yOcupación norteamericana, 1916-1924 |
|
| 651 | 7 |
_aRepública Dominicana _xRelaciones exteriores _zEstados Unidos |
|
| 651 | 4 |
_aEstados Unidos _xRelaciones exteriores _zRepública Dominicana |
|
| 651 | z |
_aDominican Republic -- _xHistory -- _yamerican occupation, 1916-1924 |
|
| 700 | 1 |
_aMoore, Manfredo A., _etraductor |
|
| 700 | 1 |
_aCedano Melo, Ramón, _etraductor |
|
| 910 | _aVMateo V. Control de calidad BPMSU | ||
| 942 |
_2ddc _cBK |
||
| 999 |
_c15387 _d15387 |
||